[Event "Turkey Cup 2019"]
[Site "Belek"]
[Date "2019.01.31"]
[Round "8.34"]
[White "Deniz, Medeni"]
[Black "Gozubuyukoglu, Selami"]
[Result "1/2-1/2"]
[WhiteElo "1933"]
[BlackElo "1821"]
[Annotator "NA"]
[PlyCount "154"]
[EventDate "2019.01.27"]
[EventType "swiss"]
[EventCountry "TUR"]
[SourceTitle "playchess.com"]
[Source "ChessBase"]
[SourceQuality "1"]

1. c4 Nf6 2. Nf3 e6 3. a3 d5 4. d4 Be7 5. cxd5 exd5 6. Nc3 O-O 7. Bf4 c6 8. e3 Bg4 9. h3 Bh5 10. Be2 Nbd7 11. O-O Re8 12. Qc2 Bg6 13. Bd3 Nf8 14. Ne5 Bxd3 15. Qxd3 Ng6 16. Nxg6 hxg6 17. b4 Nd7 18. b5 Nb6 19. bxc6 bxc6 20. Nb1 c5 21. dxc5 Bxc5 22. Rd1 d4 23. Qb5 Rc8 24. Ra2 Qf6 25. exd4 Bxd4 26. Bg3 Be5 27. Re2 Nc4 28. Bxe5 Rxe5 29. Rxe5 Qxe5 30. Qa6 Rc7 31. Qa4 Nb2 32. Rd8+ Kh7 33. Qh4+ Qh5 34. Qe4 Qf5 35. Qh4+ Qh5 36. Qf4 Qc5 37. Nd2 Qe7 38. Qd4 Qf6 39. Ne4 Qxd4 40. Rxd4 f6 41. Kf1 Rc4 42. Rxc4 Nxc4 43. a4 Kg8 44. Ke2 Kf7 45. Nc3 Ke6 46. Kd3 Nb6 47. Kd4 Nc8 48. Nb5 Kd7 49. Kc5 a6 50. Nc3 Kc7 51. Nd5+ Kb7 52. a5 g5 53. g3 Na7 54. Ne7 Kc7 55. Nf5 Nc6 56. Nxg7 Nxa5 57. Ne8+ Kd7 58. Nxf6+ Ke6 59. Ne4 Kf5 60. Nd6+ Ke6 61. Ne4 Kf5 62. Nd2 Nb7+ 63. Kb6 Nd8 64. Kxa6 Nc6 65. Kb6 Ne5 66. f3 Nd3 67. Ne4 Ne1 68. Nd2 Nd3 69. Kc6 Nf2 70. h4 gxh4 71. gxh4 Kg6 72. Ne4 Nd3 73. Kd5 Kh5 74. Nc5 Nf4+ 75. Ke4 Ng6 76. Nd3 Nxh4 77. f4 Kg6 1/2-1/2

[Event "Turkey Cup 2019"]
[Site "Belek"]
[Date "2019.01.31"]
[Round "8.36"]
[White "Ozsakallioglu, Akin"]
[Black "Ertekin, Ramazan"]
[Result "1/2-1/2"]
[WhiteElo "1957"]
[BlackElo "1738"]
[Annotator "NA"]
[PlyCount "95"]
[EventDate "2019.01.27"]
[EventType "swiss"]
[EventCountry "TUR"]
[SourceTitle "playchess.com"]
[Source "ChessBase"]
[SourceQuality "1"]

1. e4 c6 2. d4 d5 3. exd5 cxd5 4. c4 Nf6 5. Nc3 Nc6 6. Bg5 dxc4 7. Bxc4 Qxd4 8. Qxd4 Nxd4 9. O-O-O e5 10. f4 Bg4 11. Nf3 Nxf3 12. gxf3 Bxf3 13. Bb5+ Bc6 14. fxe5 Nd7 15. Rhe1 Be7 16. Bxe7 Kxe7 17. Bc4 Nb6 18. Bb3 Rad8 19. Rf1 Rxd1+ 20. Rxd1 Rc8 21. Kb1 Bd7 22. h4 Rc5 23. Rf1 Nc4 24. Ne4 Rxe5 25. Bxc4 Rxe4 26. Rxf7+ Ke8 27. Bb3 Rxh4 28. Rxg7 h5 29. Kc1 Rh2 30. Bd5 b6 31. Rg8+ Ke7 32. Ra8 a5 33. Rb8 Kd6 34. Be4 b5 35. a4 Rh4 36. Bg6 bxa4 37. Rh8 Rh1+ 38. Kd2 h4 39. Be4 Rh2+ 40. Kc3 h3 41. Rh5 Re2 42. Bd3 Rf2 43. Be4 h2 44. Ba8 Bf5 45. Kd4 Bc2 46. Ke3 Rf8 47. Rxh2 Rxa8 48. Rxc2 1/2-1/2

[Event "Turkey Cup 2019"]
[Site "Belek"]
[Date "2019.01.31"]
[Round "8.37"]
[White "Ozata, Doruk"]
[Black "Karakurt, Fahri"]
[Result "1/2-1/2"]
[WhiteElo "1778"]
[BlackElo "1914"]
[Annotator "NA"]
[PlyCount "64"]
[EventDate "2019.01.27"]
[EventType "swiss"]
[EventCountry "TUR"]
[SourceTitle "playchess.com"]
[Source "ChessBase"]
[SourceQuality "1"]

1. e4 c5 2. Nf3 d6 3. Bb5+ Nd7 4. O-O a6 5. Bd3 Ngf6 6. c3 g6 7. Bc2 Bg7 8. d4 O-O 9. a4 b6 10. Re1 e5 11. Na3 Qc7 12. dxe5 dxe5 13. Nc4 Bb7 14. Qd6 Ne8 15. Qxc7 Nxc7 16. Rd1 Rad8 17. Nd6 Bc6 18. Bg5 Ra8 19. Be7 Rfb8 20. Ng5 h6 21. Bb3 hxg5 22. Nxf7 Bd5 23. exd5 Kxf7 24. Bd6 Rc8 25. Bxc7 c4 26. Bxc4 Rxc7 27. Bb3 Rcc8 28. d6+ Kf6 29. Rd3 e4 30. Re3 Re8 31. Bd5 Rac8 32. Bb7 Rb8 1/2-1/2

[Event "Turkey Cup 2019"]
[Site "Belek"]
[Date "2019.01.31"]
[Round "8.38"]
[White "Ozcan, Kadir Kutay"]
[Black "Hatipli, Mehmet"]
[Result "1/2-1/2"]
[WhiteElo "1794"]
[BlackElo "1888"]
[Annotator "NA"]
[PlyCount "104"]
[EventDate "2019.01.27"]
[EventType "swiss"]
[EventCountry "TUR"]
[SourceTitle "playchess.com"]
[Source "ChessBase"]
[SourceQuality "1"]

1. e4 c5 2. Nf3 e6 3. b3 Nc6 4. Bb2 d6 5. Nc3 Nf6 6. d4 cxd4 7. Nxd4 Be7 8. Qd2 O-O 9. Nxc6 bxc6 10. O-O-O e5 11. Kb1 Qb6 12. h3 a5 13. g4 Be6 14. Na4 Qc7 15. Bg2 Rfd8 16. f4 exf4 17. Qxf4 Nd7 18. h4 Ne5 19. g5 c5 20. Bh3 c4 21. h5 cxb3 22. cxb3 Rac8 23. Rc1 Nd3 24. Rxc7 Nxf4 25. Rxe7 Bxh3 26. h6 Bg2 27. Rd1 Ng6 28. Ra7 Bxe4+ 29. Ka1 gxh6 30. gxh6 Ra8 31. Rxa8 Bxa8 32. Bf6 Rc8 33. Rxd6 Nf8 34. Rd8 Rxd8 35. Bxd8 Bc6 36. Bxa5 f5 37. Bd2 Ne6 38. Nc3 Kf7 39. b4 f4 40. b5 f3 41. Be3 Bb7 42. a4 Nf4 43. a5 Nd5 44. Nxd5 Bxd5 45. a6 Bc4 46. a7 Bd5 47. Kb2 Ke7 48. Kc3 Kd6 49. Kb4 Kc7 50. Kc5 Be4 51. b6+ Kb7 52. Bf2 Ka8 1/2-1/2

[Event "Turkey Cup 2019"]
[Site "Belek"]
[Date "2019.01.31"]
[Round "8.39"]
[White "Eren, Alper"]
[Black "Erdal, Emre"]
[Result "1/2-1/2"]
[WhiteElo "1919"]
[BlackElo "1615"]
[Annotator "NA"]
[PlyCount "118"]
[EventDate "2019.01.27"]
[EventType "swiss"]
[EventCountry "TUR"]
[SourceTitle "playchess.com"]
[Source "ChessBase"]
[SourceQuality "1"]

1. e4 c6 2. d4 d5 3. Nc3 dxe4 4. Nxe4 Bf5 5. Ng3 Bg6 6. Nf3 Nd7 7. Nh4 e5 8. Nxg6 hxg6 9. Be3 Qa5+ 10. c3 Ngf6 11. Qb3 Qc7 12. Be2 Bd6 13. O-O-O a5 14. dxe5 Bxe5 15. Bf3 O-O 16. h4 Bxg3 17. fxg3 Qxg3 18. Rh3 Qe5 19. Bd4 Qf4+ 20. Kb1 c5 21. Bxf6 Nxf6 22. h5 gxh5 23. Qc2 g6 24. Bxb7 Rab8 25. Rf3 Qe5 26. Ba6 Rb6 27. Bc4 Kg7 28. Rdf1 Rd8 29. a4 Qg5 30. R1f2 Qg4 31. Bb5 Rbd6 32. Qe2 Re6 33. Qc4 Qxc4 34. Bxc4 Rb6 35. Re2 Rdb8 36. b3 R6b7 37. Re5 Rc7 38. Rd3 Re8 39. Rxe8 Nxe8 40. Rd8 Nf6 41. Ra8 Ne4 42. Rxa5 Nd2+ 43. Kc2 Nxc4 44. bxc4 h4 45. Rb5 Kf6 46. a5 g5 47. a6 Ra7 48. Ra5 g4 49. Kd3 h3 50. gxh3 gxh3 51. Rxc5 Kg6 52. Ra5 f5 53. Ke3 h2 54. Ra1 Kg5 55. Rh1 f4+ 56. Kf3 Rxa6 57. Rxh2 Rc6 58. Rg2+ Kf5 59. Rg8 Ke5 1/2-1/2

[Event "Turkey Cup 2019"]
[Site "Belek"]
[Date "2019.01.31"]
[Round "8.40"]
[White "Metin, Mehmet"]
[Black "Aydogdu, Selcan Ayberk"]
[Result "1-0"]
[WhiteElo "2197"]
[BlackElo "1631"]
[Annotator "NA"]
[PlyCount "97"]
[EventDate "2019.01.27"]
[EventType "swiss"]
[EventCountry "TUR"]
[SourceTitle "playchess.com"]
[Source "ChessBase"]
[SourceQuality "1"]

1. Nf3 Nf6 2. g3 g6 3. Bg2 Bg7 4. O-O O-O 5. c4 d6 6. Nc3 Nbd7 7. d3 c6 8. Rb1 Qc7 9. b4 b6 10. b5 c5 11. Ne5 Bb7 12. Nxd7 Qxd7 13. Nd5 Nxd5 14. cxd5 e6 15. Qb3 exd5 16. Bxd5 Bxd5 17. Qxd5 Qe6 18. Qxe6 fxe6 19. Bb2 e5 20. f4 exf4 21. Rxf4 Bxb2 22. Rxb2 d5 23. e3 a6 24. bxa6 Rxa6 25. Kf2 Rfa8 26. Rf6 Rxa2 27. Rfxb6 Kf7 28. Kf3 h5 29. R2b5 Rd2 30. Rxc5 Rxd3 31. Rc7+ Kf8 32. Rf6+ Kg8 33. Rxg6+ Kf8 34. Rh6 Kg8 35. Rxh5 Re8 36. Kg2 Rexe3 37. Rg5+ Kh8 38. h4 d4 39. h5 Re6 40. Rd7 Rd2+ 41. Kh3 d3 42. Rgd5 Re3 43. Rb5 Re8 44. Rb3 Rd1 45. Rd5 d2 46. Rbd3 Re2 47. Kg4 Rg2 48. Kg5 Rdg1 49. Rd8+ 1-0

[Event "Turkey Cup 2019"]
[Site "Belek"]
[Date "2019.01.31"]
[Round "8.41"]
[White "Nazli, Sertan"]
[Black "Okus, Melih"]
[Result "0-1"]
[WhiteElo "1811"]
[BlackElo "2073"]
[Annotator "NA"]
[PlyCount "90"]
[EventDate "2019.01.27"]
[EventType "swiss"]
[EventCountry "TUR"]
[SourceTitle "playchess.com"]
[Source "ChessBase"]
[SourceQuality "1"]

1. e4 g6 2. d4 Bg7 3. Nc3 d6 4. f4 Nf6 5. Nf3 O-O 6. e5 Nfd7 7. h4 c5 8. e6 fxe6 9. h5 cxd4 10. Nxd4 Nf6 11. hxg6 hxg6 12. Bd3 e5 13. fxe5 dxe5 14. Bc4+ Rf7 15. Bxf7+ Kxf7 16. Nf3 Qxd1+ 17. Nxd1 Nc6 18. c3 e4 19. Ng5+ Kg8 20. Nf2 Bf5 21. Be3 b5 22. Rh4 b4 23. cxb4 Nd5 24. Ke2 Bxb2 25. Rah1 Ncxb4 26. Ngxe4 Nxa2 27. Bg5 Rc8 28. Kf3 Nab4 29. g4 Bd7 30. Rh6 Rf8+ 31. Kg2 Be8 32. Rh7 Bc6 33. Kg1 Bd4 34. Bxe7 Nxe7 35. Rxe7 Bxe4 36. Rxe4 Bxf2+ 37. Kg2 Nd5 38. Ra1 Bb6 39. Kg3 Nf6 40. Re6 Kf7 41. Rc6 Kg7 42. Re1 Re8 43. Rf1 Re3+ 44. Kh4 Ne4 45. Rd1 g5+ 0-1

[Event "Turkey Cup 2019"]
[Site "Belek"]
[Date "2019.01.31"]
[Round "8.42"]
[White "Yelligedik, Murat"]
[Black "Baylav, Bartu"]
[Result "1-0"]
[WhiteElo "2055"]
[BlackElo "1784"]
[Annotator "NA"]
[PlyCount "51"]
[EventDate "2019.01.27"]
[EventType "swiss"]
[EventCountry "TUR"]
[SourceTitle "playchess.com"]
[Source "ChessBase"]
[SourceQuality "1"]

1. d4 d5 2. Bf4 e6 3. e3 c6 4. Nf3 f5 5. c4 Nf6 6. Nc3 Bd6 7. Bd3 O-O 8. Qc2 Qe7 9. O-O Nbd7 10. cxd5 Nxd5 11. Bxd6 Qxd6 12. a3 Nxc3 13. Qxc3 Nf6 14. Rfd1 Bd7 15. Rab1 Be8 16. Qb3 Bh5 17. Qxb7 Qd5 18. Be2 Rfb8 19. Qa6 Rb6 20. Qa4 Ne4 21. Qc2 Rab8 22. b4 g5 23. Rdc1 h6 24. Bc4 Qd6 25. Ne5 Nf6 26. Qxf5 1-0

[Event "Turkey Cup 2019"]
[Site "Belek"]
[Date "2019.01.31"]
[Round "8.43"]
[White "Demir, Bilal"]
[Black "Sar, Can"]
[Result "1/2-1/2"]
[WhiteElo "2094"]
[BlackElo "1812"]
[Annotator "NA"]
[PlyCount "92"]
[EventDate "2019.01.27"]
[EventType "swiss"]
[EventCountry "TUR"]
[SourceTitle "playchess.com"]
[Source "ChessBase"]
[SourceQuality "1"]

1. d4 Nf6 2. Nc3 d5 3. Bg5 Nbd7 4. Qd3 e6 5. e4 dxe4 6. Nxe4 Be7 7. Nxf6+ Nxf6 8. Nf3 O-O 9. Be2 h6 10. Be3 b6 11. Ne5 Bb7 12. f3 c5 13. dxc5 bxc5 14. Qxd8 Rfxd8 15. c4 Nd7 16. Nd3 Rac8 17. O-O-O e5 18. Nf2 Bg5 19. Bxg5 hxg5 20. Rd6 Nb8 21. Rhd1 Rxd6 22. Rxd6 Kf8 23. Ng4 Ke7 24. Rd2 Nd7 25. Ne3 g6 26. Bd3 Nf6 27. Bc2 Rd8 28. Rxd8 Kxd8 29. Kd2 Ke7 30. a3 Kd6 31. b4 Ng8 32. Be4 Bc8 33. Bd5 Nh6 34. b5 f5 35. a4 f4 36. Nd1 Nf5 37. Nf2 Ne3 38. Ne4+ Kc7 39. Nxg5 Nxd5 40. cxd5 Kd6 41. Kc3 Kxd5 42. a5 Bd7 43. b6 axb6 44. axb6 Kc6 45. Nf7 Kxb6 46. Nxe5 Bf5 1/2-1/2

[Event "Turkey Cup 2019"]
[Site "Belek"]
[Date "2019.01.31"]
[Round "8.44"]
[White "Percin, Onder"]
[Black "Kazik, Oguz Kagan"]
[Result "1-0"]
[WhiteElo "2084"]
[BlackElo "1771"]
[Annotator "NA"]
[PlyCount "99"]
[EventDate "2019.01.27"]
[EventType "swiss"]
[EventCountry "TUR"]
[SourceTitle "playchess.com"]
[Source "ChessBase"]
[SourceQuality "1"]

1. e4 c5 2. Nc3 Nc6 3. g3 g6 4. Bg2 Bg7 5. d3 d6 6. f4 e6 7. Nf3 Nge7 8. O-O O-O 9. Be3 Rb8 10. Qd2 b5 11. Kh1 b4 12. Nd1 a5 13. Rb1 Ba6 14. Qf2 Qc7 15. Re1 c4 16. d4 d5 17. e5 a4 18. g4 f6 19. exf6 Bxf6 20. Bc1 Bc8 21. Be3 Bd7 22. Ra1 Nc8 23. a3 Nd6 24. axb4 Ne4 25. Qe2 Nxb4 26. Nc3 Nxc3 27. bxc3 Nc6 28. Rxa4 Rb2 29. Raa1 Na5 30. Bc1 Rbb8 31. Ba3 Rfe8 32. Ne5 Bc8 33. g5 Bg7 34. h4 Nc6 35. Ng4 Qxf4 36. Bxd5 Nd8 37. Bg2 e5 38. Nh2 Qxh4 39. Bd6 Rb6 40. Bc7 Rb7 41. Qxc4+ Be6 42. Qc5 Rb2 43. Re2 Bf8 44. Bd6 Bxd6 45. Qxd6 Nf7 46. Qc6 Rc8 47. Qxe6 Rcb8 48. Rf1 Rf8 49. Ref2 Rb1 50. Rxf7 1-0

[Event "Turkey Cup 2019"]
[Site "Belek"]
[Date "2019.01.31"]
[Round "8.45"]
[White "Sakalli, Mustafa"]
[Black "Turan, Seyithan"]
[Result "0-1"]
[WhiteElo "1955"]
[BlackElo "1746"]
[Annotator "NA"]
[PlyCount "103"]
[EventDate "2019.01.27"]
[EventType "swiss"]
[EventCountry "TUR"]
[SourceTitle "playchess.com"]
[Source "ChessBase"]
[SourceQuality "1"]

1. c4 b6 2. Nc3 Bb7 3. e3 e6 4. b3 Nf6 5. Qc2 Bb4 6. Bb2 d6 7. Nf3 Nbd7 8. a3 Bxc3 9. Bxc3 O-O 10. d3 e5 11. Be2 Ne8 12. g4 f5 13. gxf5 Rxf5 14. e4 Rf7 15. Rg1 Nc5 16. O-O-O a5 17. Rg3 Nf6 18. Nd2 Qe7 19. Rdg1 Raf8 20. h4 Ne8 21. Nf3 Ne6 22. Bd2 Nf4 23. Be3 h6 24. Bd1 c5 25. Ne1 Qxh4 26. Rg4 Qe7 27. Rh1 Kh7 28. Nf3 Ne6 29. Nh4 Nd4 30. Bxd4 cxd4 31. Ng6 Qf6 32. Nxf8+ Rxf8 33. Rg2 Bc8 34. Qd2 Nc7 35. Bh5 Ne6 36. Bd1 Nf4 37. Rg3 Bd7 38. Rh2 g5 39. a4 Kg6 40. Kc2 h5 41. Qe1 Rh8 42. Qh1 Be6 43. Rh4 Bf7 44. Qg1 Kh6 45. Rh2 h4 46. Qh1 Rf8 47. Bg4 Bh5 48. Rg1 Ne2 49. Rgg2 Bxg4 50. Rxg4 Kh5 51. Rhg2 Rg8 52. Rxh4+ 0-1

[Event "Turkey Cup 2019"]
[Site "Belek"]
[Date "2019.01.31"]
[Round "8.46"]
[White "Kisadere, Kutay"]
[Black "Daghan, Devran"]
[Result "0-1"]
[WhiteElo "1809"]
[BlackElo "2020"]
[Annotator "NA"]
[PlyCount "62"]
[EventDate "2019.01.27"]
[EventType "swiss"]
[EventCountry "TUR"]
[SourceTitle "playchess.com"]
[Source "ChessBase"]
[SourceQuality "1"]

1. e4 c5 2. Nf3 d6 3. d4 cxd4 4. Nxd4 Nf6 5. Nc3 a6 6. Bg5 e6 7. f4 Qb6 8. a3 Nc6 9. Nb3 h6 10. Bxf6 gxf6 11. Qd2 Bd7 12. O-O-O Rc8 13. g3 Na5 14. Nxa5 Qxa5 15. Kb1 b5 16. e5 Rxc3 17. bxc3 fxe5 18. fxe5 Qxa3 19. Bg2 d5 20. Rhf1 Bg7 21. Qf4 O-O 22. Rf3 Qe7 23. Qd4 Rc8 24. Bf1 Be8 25. g4 Qc7 26. Re1 b4 27. c4 dxc4 28. g5 h5 29. Qd6 Qa5 30. g6 b3 31. gxf7+ Bxf7 0-1

[Event "Turkey Cup 2019"]
[Site "Belek"]
[Date "2019.01.31"]
[Round "8.47"]
[White "Ozcan, Berk"]
[Black "Yasin, Hur"]
[Result "1/2-1/2"]
[WhiteElo "1709"]
[BlackElo "2004"]
[Annotator "NA"]
[PlyCount "123"]
[EventDate "2019.01.27"]
[EventType "swiss"]
[EventCountry "TUR"]
[SourceTitle "playchess.com"]
[Source "ChessBase"]
[SourceQuality "1"]

1. e4 c5 2. Nf3 a6 3. c4 Nc6 4. d4 cxd4 5. Nxd4 Nf6 6. Nc3 d6 7. Be2 Qc7 8. O-O e6 9. Be3 Ne5 10. Rc1 h5 11. h3 Be7 12. f4 Ned7 13. Bf3 g6 14. Qd2 h4 15. b3 Nh5 16. Nde2 Rb8 17. Ba7 Ra8 18. Bd4 Rh7 19. Rcd1 Qa5 20. Na4 Qxd2 21. Rxd2 e5 22. fxe5 dxe5 23. Nb6 Nxb6 24. Bxb6 Be6 25. Rfd1 Rc8 26. Bxh5 Rxh5 27. Nc3 f5 28. Re2 f4 29. Nd5 Bxd5 30. exd5 Bd6 31. Rc1 Kf7 32. c5 Bb8 33. Rd1 Rh7 34. d6 Ke6 35. Rde1 Rh5 36. Rd1 Kd7 37. Re4 Rf5 38. Kf2 Re8 39. Rde1 Re6 40. Rd1 Ref6 41. Rd3 Rf7 42. a4 Kc6 43. b4 Rd7 44. Rb3 Bxd6 45. b5+ axb5 46. axb5+ Kd5 47. Kf3 Be7 48. Rd3+ Ke6 49. Rxd7 Kxd7 50. Rc4 Rf8 51. Ke4 Ke6 52. Bc7 Bf6 53. c6 bxc6 54. Rxc6+ Kd7 55. Bxe5 Bxe5 56. Kxe5 f3 57. gxf3 Rxf3 58. Rxg6 Rxh3 59. Rh6 Rh1 60. Kf4 h3 61. Kg3 Rg1+ 62. Kh2 1/2-1/2

[Event "Turkey Cup 2019"]
[Site "Belek"]
[Date "2019.01.31"]
[Round "8.48"]
[White "Bulut, Muhammed"]
[Black "Albayrak, Kerem"]
[Result "0-1"]
[WhiteElo "1731"]
[BlackElo "1949"]
[Annotator "NA"]
[PlyCount "152"]
[EventDate "2019.01.27"]
[EventType "swiss"]
[EventCountry "TUR"]
[SourceTitle "playchess.com"]
[Source "ChessBase"]
[SourceQuality "1"]

1. e4 c5 2. b3 d6 3. Bb2 Nf6 4. Nc3 Nc6 5. Bb5 Bd7 6. d3 g6 7. Nge2 Bg7 8. Nd5 e5 9. Bxc6 Bxc6 10. Nxf6+ Bxf6 11. O-O d5 12. Ng3 O-O 13. exd5 Qxd5 14. Ne4 Be7 15. c4 Qe6 16. Qe2 Rad8 17. Rad1 f5 18. Ng3 f4 19. Ne4 f3 20. gxf3 Qh3 21. Bxe5 Qxf3 22. Qxf3 Rxf3 23. Nc3 Rdxd3 24. Rxd3 Rxd3 25. Rd1 Rf3 26. Nd5 Bh4 27. Bg3 Bg5 28. Bd6 b6 29. Ne7+ Bxe7 30. Bxe7 Kf7 31. Bd6 Ke8 32. Bb8 Rf7 33. f4 Rd7 34. Rxd7 Kxd7 35. Kf2 Be4 36. Ke3 Bb1 37. a3 Ba2 38. b4 cxb4 39. axb4 Bxc4 40. Kd4 Bf1 41. Ke5 Bd3 42. Kd4 Bf1 43. Ke5 Bh3 44. Kd5 Be6+ 45. Ke5 Bf5 46. Kd5 a6 47. Be5 Be6+ 48. Kd4 Kc6 49. Kc3 Kb5 50. Bd6 a5 51. bxa5 Kxa5 52. Be7 Kb5 53. Kd4 Ka4 54. Kc3 Bh3 55. Bd8 Kb5 56. Kd4 Bg2 57. Bc7 Kc6 58. Bd8 Bf1 59. Be7 Kd7 60. Bb4 Ke6 61. Be1 Kf5 62. Ke3 Kg4 63. Ke4 Bc4 64. Ke5 b5 65. Kf6 Kxf4 66. Kg7 Be2 67. Kxh7 Bh5 68. Kh6 Kf5 69. Bd2 Ke4 70. Kg5 Kd3 71. Be1 Kc4 72. Kf4 b4 73. Ke3 Kb3 74. Kd3 Bg4 75. Bg3 Ka2 76. Be5 b3 0-1

[Event "Turkey Cup 2019"]
[Site "Belek"]
[Date "2019.01.31"]
[Round "8.49"]
[White "Bilgin, Murat Evrensel"]
[Black "Basaran, Alp"]
[Result "1-0"]
[WhiteElo "1898"]
[BlackElo "1723"]
[Annotator "NA"]
[PlyCount "107"]
[EventDate "2019.01.27"]
[EventType "swiss"]
[EventCountry "TUR"]
[SourceTitle "playchess.com"]
[Source "ChessBase"]
[SourceQuality "1"]

1. Nf3 Nf6 2. c4 g6 3. b4 a5 4. b5 d6 5. d4 Nbd7 6. Bb2 Bg7 7. e3 c5 8. bxc6 bxc6 9. Nc3 O-O 10. Be2 c5 11. O-O cxd4 12. exd4 Bb7 13. Nb5 Ne8 14. Qc2 Nc7 15. a4 d5 16. c5 Nb8 17. Rfd1 Nc6 18. Bc3 Bc8 19. Ne5 Nxe5 20. dxe5 Na6 21. c6 Nb4 22. Bxb4 axb4 23. c7 Qd7 24. Qc5 e6 25. f4 f6 26. Bf3 Kh8 27. exf6 Rxf6 28. Qxb4 Qf7 29. g3 g5 30. Rac1 Bf8 31. Qd4 Kg8 32. Bh5 Qe7 33. fxg5 Rf5 34. h4 Bg7 35. Qb6 Qb4 36. Qc6 Qe4 37. Qxa8 Qe3+ 38. Kh2 Rf2+ 39. Kh3 Rf8 40. Bg4 Be5 41. Rg1 Bxg3 42. Qa7 Qd2 43. Kxg3 Qd3+ 44. Kh2 Qd2+ 45. Rg2 Qxc1 46. Qd4 Qe1 47. Bh3 Rf1 48. Rg1 Rf2+ 49. Bg2 Qe2 50. Nd6 Rf8 51. Nxc8 Rxc8 52. Rc1 Qh5 53. Qf4 e5 54. Bxd5+ 1-0

[Event "Turkey Cup 2019"]
[Site "Belek"]
[Date "2019.01.31"]
[Round "8.50"]
[White "Kirali, Mehmet"]
[Black "Elalmis, Husamettin"]
[Result "1-0"]
[WhiteElo "1890"]
[BlackElo "1754"]
[Annotator "NA"]
[PlyCount "79"]
[EventDate "2019.01.27"]
[EventType "swiss"]
[EventCountry "TUR"]
[SourceTitle "playchess.com"]
[Source "ChessBase"]
[SourceQuality "1"]

1. d4 Nf6 2. Nf3 g6 3. c4 Bg7 4. Nc3 O-O 5. e4 d6 6. h3 e5 7. Be3 Nc6 8. d5 Ne7 9. Be2 Ne8 10. g4 c6 11. Nd2 cxd5 12. cxd5 f5 13. Nc4 f4 14. Bc1 Bd7 15. a4 Nc8 16. a5 Rf7 17. Bf3 Qh4 18. Bd2 Bf8 19. Qb3 Rb8 20. Nb5 Be7 21. Rc1 a6 22. Nba3 Bd8 23. Nb6 Nxb6 24. axb6 h6 25. Kf1 Rg7 26. Be2 h5 27. f3 hxg4 28. fxg4 g5 29. Be1 Qh6 30. Bf3 Rh7 31. Qb4 Qf8 32. Bf2 Rh6 33. Kg2 Kf7 34. Nc4 Qh8 35. Rc3 Be7 36. Be2 Bb5 37. Bf3 Rd8 38. Na5 Rd7 39. Rc8 Qh7 40. Rb8 1-0

[Event "Turkey Cup 2019"]
[Site "Belek"]
[Date "2019.01.31"]
[Round "8.51"]
[White "Celik, Cem Akin"]
[Black "Demirag, Batuhan"]
[Result "0-1"]
[WhiteElo "1637"]
[BlackElo "1906"]
[Annotator "NA"]
[PlyCount "38"]
[EventDate "2019.01.27"]
[EventType "swiss"]
[EventCountry "TUR"]
[SourceTitle "playchess.com"]
[Source "ChessBase"]
[SourceQuality "1"]

1. f4 c5 2. Nf3 Nc6 3. g3 g6 4. Bg2 Bg7 5. O-O Nf6 6. d3 d6 7. e4 O-O 8. c3 Rb8 9. a4 a6 10. Na3 b5 11. axb5 axb5 12. Nc2 b4 13. e5 dxe5 14. fxe5 Ng4 15. d4 cxd4 16. cxd4 Qb6 17. Kh1 Ba6 18. h3 Bxf1 19. Bxf1 Nf2+ 0-1

[Event "Turkey Cup 2019"]
[Site "Belek"]
[Date "2019.01.31"]
[Round "8.52"]
[White "Kilic, Gokturk Kagan"]
[Black "Hatirli, Ugur Can"]
[Result "1-0"]
[WhiteElo "2000"]
[BlackElo "1713"]
[Annotator "NA"]
[PlyCount "45"]
[EventDate "2019.01.27"]
[EventType "swiss"]
[EventCountry "TUR"]
[SourceTitle "playchess.com"]
[Source "ChessBase"]
[SourceQuality "1"]

1. e4 c5 2. Nf3 d6 3. d4 cxd4 4. Nxd4 Nf6 5. Nc3 a6 6. a4 e5 7. Nb3 Be6 8. Be2 Be7 9. O-O O-O 10. f4 Nbd7 11. Kh1 Bxb3 12. cxb3 Nc5 13. Bd3 Qb6 14. Bc2 Qc6 15. Nd5 Nxd5 16. exd5 Qc7 17. f5 Rac8 18. f6 Bxf6 19. Rxf6 Nxa4 20. Bf5 Qe7 21. Qh5 h6 22. Rxh6 gxh6 23. Bxh6 1-0

[Event "Turkey Cup 2019"]
[Site "Belek"]
[Date "2019.01.31"]
[Round "8.53"]
[White "Cakmak, Sarven"]
[Black "Demircin, Kasim"]
[Result "0-1"]
[WhiteElo "1780"]
[BlackElo "1878"]
[Annotator "NA"]
[PlyCount "114"]
[EventDate "2019.01.27"]
[EventType "swiss"]
[EventCountry "TUR"]
[SourceTitle "playchess.com"]
[Source "ChessBase"]
[SourceQuality "1"]

1. e4 e5 2. Nf3 Nc6 3. d4 exd4 4. Nxd4 Nf6 5. Nxc6 bxc6 6. e5 Qe7 7. Qe2 Nd5 8. c4 Qb4+ 9. Qd2 Qxd2+ 10. Bxd2 Nb4 11. Bxb4 Bxb4+ 12. Nd2 O-O 13. O-O-O Re8 14. f4 d6 15. Nf3 Bc5 16. Re1 Rb8 17. Bd3 Ba6 18. Re2 Rb4 19. b3 d5 20. Nd2 Rbb8 21. Rhe1 Bc8 22. h3 a5 23. Kc2 a4 24. Rb1 axb3+ 25. Nxb3 Ba3 26. Ree1 Bb4 27. Re2 Bd7 28. g4 Ra8 29. Rb2 Ba3 30. Rb1 Ra4 31. Kc3 Rea8 32. Nc1 Bxc1 33. Rxc1 Ra3+ 34. Kd2 Rxa2+ 35. Ke3 Rxe2+ 36. Bxe2 Ra3+ 37. Kd4 dxc4 38. Rxc4 Rxh3 39. Rb4 Kf8 40. Rb7 Rh4 41. Rxc7 Bxg4 42. Bxg4 Rxg4 43. Ke4 Rg6 44. Rc8+ Ke7 45. Rc7+ Ke8 46. Rc8+ Kd7 47. Rf8 f6 48. f5 Rg4+ 49. Kf3 Rg5 50. e6+ Ke7 51. Rf7+ Ke8 52. Kf4 c5 53. Ra7 g6 54. Ra8+ Ke7 55. Ra7+ Kd6 56. Rd7+ Kc6 57. Rd3 Rxf5+ 0-1

[Event "Turkey Cup 2019"]
[Site "Belek"]
[Date "2019.01.31"]
[Round "8.54"]
[White "Vursan, Emre Can"]
[Black "Aysoy, Veysi"]
[Result "0-1"]
[WhiteElo "1678"]
[BlackElo "1933"]
[Annotator "NA"]
[PlyCount "74"]
[EventDate "2019.01.27"]
[EventType "swiss"]
[EventCountry "TUR"]
[SourceTitle "playchess.com"]
[Source "ChessBase"]
[SourceQuality "1"]

1. e4 d5 2. exd5 Nf6 3. Nc3 Nxd5 4. Bc4 c6 5. d4 g6 6. Qf3 Nf6 7. Be3 Bg7 8. h3 O-O 9. Nge2 Nbd7 10. g4 a5 11. g5 Nh5 12. Ng3 Nxg3 13. Qxg3 b5 14. Bd3 a4 15. f4 Nb6 16. a3 Nd5 17. Nxd5 Qxd5 18. Ke2 Bxd4 19. Bxd4 Qxd4 20. h4 e5 21. c3 Qd5 22. Rad1 exf4 23. Qf3 Qe5+ 24. Kd2 Be6 25. Rhe1 Qc7 26. Kc1 Rad8 27. h5 Bb3 28. Rd2 Bd5 29. Qf2 Rfe8 30. Rxe8+ Rxe8 31. h6 Re3 32. Re2 Qe5 33. Kd2 Rxd3+ 34. Kxd3 Bc4+ 35. Kd2 Qxe2+ 36. Qxe2 Bxe2 37. Kxe2 f6 0-1

[Event "Turkey Cup 2019"]
[Site "Belek"]
[Date "2019.01.31"]
[Round "8.55"]
[White "Ozveren, Ali Bulent"]
[Black "Kiraz, Yigit"]
[Result "1/2-1/2"]
[WhiteElo "1906"]
[BlackElo "1673"]
[Annotator "NA"]
[PlyCount "148"]
[EventDate "2019.01.27"]
[EventType "swiss"]
[EventCountry "TUR"]
[SourceTitle "playchess.com"]
[Source "ChessBase"]
[SourceQuality "1"]

1. Nf3 Nf6 2. c4 g6 3. b3 Bg7 4. Bb2 O-O 5. e3 c5 6. Be2 d6 7. O-O Bd7 8. d3 b5 9. cxb5 Bxb5 10. Nc3 Bc6 11. d4 cxd4 12. Nxd4 Bb7 13. Bf3 Qd7 14. Bxb7 Qxb7 15. Rc1 Rc8 16. Qe2 Nc6 17. Na4 Nxd4 18. Bxd4 Ne4 19. Bxg7 Kxg7 20. f3 Nf6 21. e4 Rxc1 22. Rxc1 Rc8 23. Rxc8 Qxc8 24. Qd2 Qc7 25. Qc3 Qxc3 26. Nxc3 a6 27. Kf2 Kf8 28. Ke3 Ke8 29. Nd5 Nxd5+ 30. exd5 Kd7 31. b4 Kc7 32. Kd4 e6 33. f4 Kb6 34. a4 Kc7 35. g4 h6 36. h4 h5 37. gxh5 gxh5 38. dxe6 fxe6 39. Ke4 Kc6 40. f5 d5+ 41. Ke5 exf5 42. Kxf5 Kd6 43. Kf4 Ke6 44. Ke3 Ke7 45. Kd4 Kd6 46. Kc3 Kc7 47. Kd3 Kd7 48. Ke3 Ke6 49. Kf4 Kd6 50. Kf5 Kd7 51. Kg5 Ke6 52. Kf4 Kd6 53. Kf5 Kd7 54. Ke5 Kc6 55. Kd4 Kd6 56. b5 axb5 57. axb5 Kc7 58. Kxd5 Kb6 59. Kc4 Kb7 60. Kc5 Kc7 61. Kc4 Kb7 62. Kc5 Kc7 63. b6+ Kb7 64. Kb5 Kb8 65. Kc6 Kc8 66. Kd6 Kb7 67. Kc5 Kb8 68. Kd5 Kb7 69. Ke5 Kxb6 70. Kf5 Kc6 71. Kg6 Kd7 72. Kf7 Kd8 73. Kf8 Kd7 74. Kg7 Ke8 1/2-1/2